000 00386nam a22001337a 4500
005 20250807114959.0
008 250807b |||||||| |||| 00| 0 eng d
020 _a9780245503887
050 _aHF 5415
_bHAR
245 _aHARRAP,S MARKETING DICTIONNAIRE
_cANNA STEVENSO EDITOR
260 _aEDINBURGH
_bCHAMBERS HARRAP PUBLISHERS
_cc1999
300 _ax,; 114p.;
_bills
942 _2lcc
_cREF
_n0
999 _c7234
_d7234